Die Balanced Scorecard : Vier essentielle Dimensionen der langfristigen Unternehmensausrichtung /

Bibliographic Details
Main Author: Sanna, Alice, (Author)
Other Authors: Quatrebarbes, Amicie de, (Contributor), Alvermann, Ruth, (Translator)
Format: eBook
Language:German
Published: [Place of publication not identified] : 50Minuten.de, [2018]
Subjects:
Online Access:Click to View
LEADER 01590nam a2200385 i 4500
001 EBC5336164
003 MiAaPQ
005 20200122085150.0
006 m o d |
007 cr cnu||||||||
008 200122s2018 xx o 000 0 ger d
020 |a 9782808008617  |q (electronic bk.) 
035 |a (MiAaPQ)EBC5336164 
035 |a (Au-PeEL)EBL5336164 
035 |a (CaPaEBR)ebr11540691 
035 |a (OCoLC)1030820058 
040 |a MiAaPQ  |b eng  |e rda  |e pn  |c MiAaPQ  |d MiAaPQ 
050 4 |a HD56.25  |b .S266 2018 
082 0 |a 658.4013  |2 23 
100 1 |a Sanna, Alice,  |e author. 
245 1 4 |a Die Balanced Scorecard :  |b Vier essentielle Dimensionen der langfristigen Unternehmensausrichtung /  |c Verfasst von Alice Sanna ; In Zusammenarbeit mit Amicie de Quatrebarbes ; Ubersetzt von Ruth Alvermann. 
264 1 |a [Place of publication not identified] :  |b 50Minuten.de,  |c [2018] 
264 4 |c 2018 
300 |a 1 online resource (24 pages) 
336 |a text  |b txt  |2 rdacontent 
337 |a computer  |b c  |2 rdamedia 
338 |a online resource  |b cr  |2 rdacarrier 
588 |a Description based on print version record. 
590 |a Electronic reproduction. Ann Arbor, MI : ProQuest, 2018. Available via World Wide Web. Access may be limited to ProQuest affiliated libraries. 
650 0 |a Industrial productivity  |x Measurement. 
655 4 |a Electronic books. 
700 1 |a Quatrebarbes, Amicie de,  |e contributor. 
700 1 |a Alvermann, Ruth,  |e translator. 
797 2 |a ProQuest (Firm) 
856 4 0 |u https://ebookcentral.proquest.com/lib/matrademy/detail.action?docID=5336164  |z Click to View